LEADER 01108nam a2200265 i 4500 001 000000172237 003 CaOOAMICUS 005 20080609000000.0 008 080609s1969 it u000 u ita u 013 $a149676 040 $aSeMil$bita 245 13$aLa nostra fede :$bricordi di un pellegrinaggio. 260 $aMilano :$bPro manuscripto,$c1969. 300 $a82 p. ;$c21 cm. 500 $aFondo Card. Giovanni Colombo. 650 4$aFede.$0(OLS)http://semarc/subject/589 774 0 $aCalati, Benedetto $tFede e Sacra Scrittura.$w()317451 774 0 $aRossi de Gasperis, Francesco $tAlcuni aspetti della teologia della fede, oggi.$w()317452 774 0 $aJean : de la Croix Bonadio$tVivere la fede oggi.$w()317453 850 $aSeMil 852 $aSeMil$W1$xVenegono$y1$m5B XII 10/19$j123099$B123099$CSeMilBibl$Z2$F159009 $81 941 1 $a3 961 $aLascito: Colombo Card. Giovanni 996 $6245$aLa nostra fede :$bricordi di un pellegrinaggio$9(OLS)http://semarc/title/246597 996 $6260$aMilano :$bPro manuscripto$9(OLS)http://semarc/publisher/44075 LEADER 00395nab a2200145 i 4500 001 000000261113 003 CaOOAMICUS 005 20190418111936.0 008 050420n xx uu u0 0und r 013 $a2035 040 $aSeMil$bita 245 10$aSpring. 773 0 $t[2004].$dChicago : DePaul University, copyr. 2004.$w()137691 996 $6245$aSpring$9(OLS)http://semarc/title/421134 LEADER 00931nam a2200253 i 4500 001 000000096716 003 CaOOAMICUS 005 20041118000000.0 008 041118s2003 it u000 u ita u 013 $a68958 020 $a88-424-9118-7 040 $aSeMil$bita 100 1 $aVoltolin, Adriano.$0(OLS)http://semarc/name/36587 245 10$aMelanie Klein /$cAdriano Voltolin. 260 $aMilano :$bBruno Mondadori,$ccopyr. 2003. 300 $a246 p. ;$c17 cm. 500 $aContiene : Bibliografia. 650 4$aKlein, Melanie.$0(OLS)http://semarc/subject/15027 850 $aSeMil 852 $aSeMil$W1$xVenegono$y1$m169 6 4 *$j56205$B56205$CSeMilBibl$Z2$F64317 $81 961 $aAcquisto: Àncora (Libreria) 996 $6020$a88-424-9118-7$9(OLS)http://semarc/number/53734 996 $6245$aMelanie Klein$9(OLS)http://semarc/title/119537 996 $6260$aMilano :$bBruno Mondadori$9(OLS)http://semarc/publisher/31202